Sports Quiz

Random Sports or Baseball Quiz

MLB: 400 Home Run Hitters (Slideshow) Quiz Stats

Quiz not verified by Sporcle

Challenge
Share
Tweet
Score 0/50 Timer 10:00
0 Plays Today
% Correct
Mickey Mantle
97.9%
Alex Rodriguez
96.8%
Babe Ruth
96%
Albert Pujols
95.8%
Barry Bonds
95.5%
Ted Williams
94.8%
David Ortiz
94.6%
Cal Ripken
94.4%
Frank Thomas
94.2%
Chipper Jones
93.8%
Mark McGwire
93.3%
Ken Griffey, Jr.
93.1%
Willie Mays
93%
Sammy Sosa
92.9%
Andruw Jones
92.7%
Manny Ramirez
92.6%
Jose Canseco
92.6%
Mike Piazza
92.4%
Jeff Bagwell
92.3%
Reggie Jackson
92%
Jason Giambi
91.8%
Hank Aaron
91.6%
Jim Thome
90.8%
Mike Schmidt
90.7%
Ernie Banks
90.3%
% Correct
Stan Musial
90.2%
Adam Dunn
89.9%
Paul Konerko
89.4%
Vladimir Guerrero
89.4%
Harmon Killebrew
88.6%
Lou Gehrig
87.7%
Eddie Murray
87.4%
Gary Sheffield
87.4%
Rafael Palmeiro
87.1%
Andre Dawson
87%
Willie Stargell
85.3%
Carlos Delgado
85.1%
Dave Winfield
85.1%
Willie McCovey
85%
Carl Yastrzemski
84.4%
Jimmie Foxx
84.1%
Juan Gonzalez
81.9%
Mel Ott
79.1%
Frank Robinson
78.5%
Fred McGriff
76.8%
Eddie Mathews
76.6%
Duke Snider
75.7%
Dave Kingman
66.2%
Billy Williams
65.4%
Darrell Evans
51.7%

You're not logged in!

Compare scores with friends on all Sporcle quizzes.
Sign Up with Email
OR
Log In

You Might Also Like...

Show Comments

Extras

Top Quizzes Today


Score Distribution

Your Account Isn't Verified!

In order to create a playlist on Sporcle, you need to verify the email address you used during registration. Go to your Sporcle Settings to finish the process.